Sports Quiz

Random Sports Quiz
Score 0/20 Timer 02:00
0 Plays Today
Year/ Team Players Name % Correct
2007- Oakland RaidersJaMarcus Russell
97.4%
2006- Tennesse TitansVince Young
94.9%
2006- Arizona CardinalsMatt Leinart
94.9%
2002- Houston TexansDavid Carr
93.6%
1998- San Diego ChargersRyan Leaf
91%
2007- Cleveland Browns Brady Quinn
91%
2002- Detroit LionsJoey Harrington
89.7%
1999- Cincinnati BengalsAkili Smith
87.2%
1999- Cleveland BrownsTim Couch
87.2%
2004- Buffalo BillsJ.P. Losman
79.5%
Year/ Team Players Name % Correct
2003- Baltimore RavensKyle Boller
78.2%
2005- Washington RedskinsJason Campbell
70.5%
1999- Chicago BearsCade McNown
69.2%
1990- Indianapolis ColtsJeff George
67.9%
1995- Carolina PanthersKerry Collins
64.1%
1990- Detroit LionsAndre Ware
61.5%
1994- Washington RedskinsHealth Shuler
60.3%
1993- Seattle SeahawksRick Mirer
59%
1991- Oakland RaidersTodd Marinovich
47.4%
1992- Cincinnati BengalsDavid Klingler
46.2%
Remove Ads.
Support Sporcle.
Get the best of Sporcle when you Go Orange. This ad-free experience offers more features, more stats, and more fun while also helping to support Sporcle. Thank you for becoming a member.

You're not logged in!

Compare scores with friends on all Sporcle quizzes.
OR
Log In

Show Comments

Extras

Created Aug 2, 2012ReportNominate
Tags:Believe, bust, Player, round, team

Top Quizzes Today


Score Distribution

Your Account Isn't Verified!

In order to create a playlist on Sporcle, you need to verify the email address you used during registration. Go to your Sporcle Settings to finish the process.

Report this User

Report this user for behavior that violates our Community Guidelines.

Details: